| Tag |
First Indicator |
Second Indicator |
Subfields |
| LEADER |
00000pam a2200000 a 4500 |
| 001 |
in00000086429 |
| 005 |
20151008064509.0 |
| 008 |
810922s1981 nmuab b s00110 eng |
| 010 |
|
|
|a 80054562
|
| 020 |
|
|
|a 0826305709 :
|c $17.50
|
| 035 |
|
|
|a (OCoLC)07835923
|
| 035 |
|
|
|9 AAK4284AM
|
| 039 |
0 |
|
|a 2
|b 3
|c 3
|d 3
|e 3
|
| 040 |
|
|
|a DLC
|c DLC
|d TXA
|d UtOrBLW
|
| 043 |
|
|
|a n-us-nm
|
| 049 |
|
|
|a TXAM
|c [1672973]
|
| 050 |
0 |
0 |
|a F804.C36
|b K87
|
| 082 |
0 |
|
|a 978.9/52
|2 19
|
| 100 |
1 |
|
|a Kutsche, Paul,
|d 1927-
|
| 245 |
1 |
0 |
|a Canones, values, crisis, and survival in a northern New Mexico village /
|c Paul Kutsche and John R. Van Ness.
|
| 250 |
|
|
|a 1st ed.
|
| 264 |
|
1 |
|a Albuquerque :
|b University of New Mexico Press,
|c [1981]
|
| 264 |
|
4 |
|c ©1981
|
| 300 |
|
|
|a xxiv, 244 pages :
|b illustrations, maps ;
|c 25 cm.
|
| 336 |
|
|
|a text
|b txt
|2 rdacontent
|
| 337 |
|
|
|a unmediated
|b n
|2 rdamedia
|
| 338 |
|
|
|a volume
|b nc
|2 rdacarrier
|
| 500 |
|
|
|a Includes index.
|
| 504 |
|
|
|a Bibliography: pages 232-236.
|
| 650 |
|
0 |
|a Hispanic Americans
|z New Mexico
|z Cañones
|x Social life and customs.
|
| 651 |
|
0 |
|a Cañones (N.M.)
|x Social life and customs.
|
| 700 |
1 |
|
|a Van Ness, John R.
|
| 999 |
|
|
|a MARS
|
| 999 |
f |
f |
|s b07ed2f5-0c0e-3008-af60-b497d3844078
|i dccf3d62-250e-31aa-8317-df5acb7193a8
|t 0
|
| 952 |
f |
f |
|p ric
|a Texas A&M University
|b Rellis Campus
|c Joint Library Facility
|d Remote Storage
|t 0
|e F804.C36 K87
|h Library of Congress classification
|i unmediated -- volume
|m A14806110402
|
| 998 |
f |
f |
|a F804.C36 K87
|t 0
|l Remote Storage
|